000 00438nam a22001217a 4500
003 NUST
082 _a344.0095491
_bPLC
245 _aPakistan Labour Cases 1992 :
_bA Journal of Civil Services & Labour Laws /
_cFounded by Malik Mir Muhammad and Edited by Muhammad Zubair Saeed et all
260 _aLahore :
_bPLD Publishers,
_c1992.
300 _aVol: 1. 1401, Vol: 2. 1309 and Vol: 3. 292 p. ;
_c23cm.
563 _aHB.
942 _2ddc
_cCR
_s1
999 _c595177
_d595177